Pipeline Risk Management Manual : (Record no. 10500)

MARC details
000 -LEADER
fixed length control field 01327cam a2200301 a 4500
090 ## - LOCALLY ASSIGNED LC-TYPE CALL NUMBER (OCLC); LOCAL CALL NUMBER (OCLC)
-- 0
001 - CONTROL NUMBER
control field 13316591
005 - DATE AND TIME OF LATEST TRANSACTION
control field 20040727132951.0
008 - FIXED-LENGTH DATA ELEMENTS--GENERAL INFORMATION
fixed length control field 030819s2004 ne a bf 001 0 eng
010 ## - LIBRARY OF CONGRESS CONTROL NUMBER
LC control number 2003058315
020 ## - INTERNATIONAL STANDARD BOOK NUMBER
International Standard Book Number 0750675799
040 ## - CATALOGING SOURCE
Original cataloging agency DLC
Transcribing agency DLC
Modifying agency DLC
050 00 - LIBRARY OF CONGRESS CALL NUMBER
Classification number TJ930
Item number .M84 2004
082 00 - DEWEY DECIMAL CLASSIFICATION NUMBER
Classification number 621.8672
Edition number 22
Item number MUH
100 1# - MAIN ENTRY--PERSONAL NAME
Personal name Muhlbauer, W. Kent.
245 10 - TITLE STATEMENT
Title Pipeline Risk Management Manual :
Remainder of title Ideas, Techniques, and Resources /
Statement of responsibility, etc W. Kent Muhlbauer.
250 ## - EDITION STATEMENT
Edition statement 3rd ed.
260 ## - PUBLICATION, DISTRIBUTION, ETC. (IMPRINT)
Place of publication, distribution, etc Amsterdam ;
Name of publisher, distributor, etc Elsevier,
Date of publication, distribution, etc c2004.
300 ## - PHYSICAL DESCRIPTION
Extent xvii, 395 p. :
Other physical details ill. ;
Dimensions 26 cm.
504 ## - BIBLIOGRAPHY, ETC. NOTE
Bibliography, etc Includes bibliographical references and index.
650 #0 - SUBJECT ADDED ENTRY--TOPICAL TERM
Topical term or geographic name as entry element Pipelines
General subdivision Safety measures
Form subdivision Handbooks, manuals, etc.
650 #0 - SUBJECT ADDED ENTRY--TOPICAL TERM
Topical term or geographic name as entry element Pipelines
General subdivision Reliability
Form subdivision Handbooks, manuals, etc.
856 42 - ELECTRONIC LOCATION AND ACCESS
Materials specified Publisher description
Uniform Resource Identifier <a href="http://www.loc.gov/catdir/description/els041/2003058315.html">http://www.loc.gov/catdir/description/els041/2003058315.html</a>
856 41 - ELECTRONIC LOCATION AND ACCESS
Materials specified Table of contents
Uniform Resource Identifier <a href="http://www.loc.gov/catdir/toc/els041/2003058315.html">http://www.loc.gov/catdir/toc/els041/2003058315.html</a>
942 ## - ADDED ENTRY ELEMENTS (KOHA)
Source of classification or shelving scheme Dewey Decimal Classification
Item type Book - Borrowing
Holdings
Withdrawn status Item status Source of classification or shelving scheme Damaged status Not for loan Vendor Home library Current library Shelving location Date acquired Source of acquisition Cost, normal purchase price Serial Enumeration / chronology Total Checkouts Total Renewals Full call number Barcode Date last seen Date last borrowed Koha item type
    Dewey Decimal Classification     Alahram Central Library Central Library First floor 28/01/2009   944.30 06461 2 2 621.8672 MUH 000014365 15/07/2025 30/11/2016 Book - Borrowing